La science sociale traditionnelle / (Record no. 155140)

MARC details
000 -LEADER
campo de control de longitud fija 00691nam a22001815i 4500
001 - NÚMERO DE CONTROL
campo de control 155140
003 - IDENTIFICADOR DE NÚMERO DE CONTROL
campo de control ES-MaACL
005 - FECHA Y HORA DE LA ÚLTIMA TRANSACCIÓN
campo de control 20230906205955.0
008 - DATOS DE LONGITUD FIJA--INFORMACIÓN GENERAL
campo de control de longitud fija 990701s1896 fr |||| | fre d
040 ## - FUENTE DE CATALOGACIÓN
Centro catalogador/agencia de origen GA
Lengua de catalogación spa
Centro/agencia transcriptor CCPB | 3D
100 1# - ENTRADA PRINCIPAL--NOMBRE DE PERSONA
Nombre de persona Hauriou, Maurice.
9 (RLIN) 62103
245 13 - MENCIÓN DEL TÍTULO
Título La science sociale traditionnelle /
Mención de responsabilidad, etc. par Maurice Hauriou.
260 ## - PUBLICACIÓN, DISTRIBUCIÓN, ETC.
Lugar de publicación, distribución, etc. Paris :
Nombre del editor, distribuidor, etc. Librairie de la Société du recueil général des lois et des arrêts et du Journal du Palais,
Fecha de publicación, distribución, etc. 1896 (
Lugar de fabricación/manufactura Bar-le-Duc :
Fabricante Imprimerie Contant-Laguerre)
300 ## - DESCRIPCIÓN FÍSICA
Extensión XII, 432 p. ;
Dimensiones 22 cm.
594 #1 - Nota al título y mención de responsabilidad
Nota al título y mención de responsabilidad Precede al tít. : Cours de science sociale.
752 ## - ENTRADA AGREGADA--NOMBRE JERÁRQUICO DEL LUGAR
País o entidad superior Francia -
Ciudad París
852 ## - LOCALIZACIÓN
Ubicación ES-MaACL
Número de control de estantería F-7852
Nota libre -- Enc. hol.
Holdings
Estatus retirado Estado de pérdida Estado de daño No para préstamo Colección Biblioteca de origen Biblioteca actual Ubicación en estantería Fecha de adquisición Fuente de adquisición Total de préstamos Signatura topográfica completa Código de barras Visto por última vez Precio de reemplazo Tipo de ítem Koha
        Libros del s. XIX Biblioteca del Ateneo de Madrid Biblioteca del Ateneo de Madrid Sala Pecera Planta 2 17/01/2008     F-7852 1162284 23/02/2023 23/02/2023 Libro impreso antiguo